| 000 | 00588nam a22001931a 4500 | ||
|---|---|---|---|
| 003 | OSt | ||
| 005 | 20240226120355.0 | ||
| 008 | 180216t2013 pk | |||| 000 d urd d | ||
| 020 | _a9789693510775 | ||
| 040 | _c0 | ||
| 082 |
_a891.4393 _bBAN 2013 |
||
| 245 | 1 | 0 |
_aپیّا نام کا دیا _cBano Qudsia |
| 246 | _aPiya Naam Ka Diya | ||
| 260 |
_aLahore: _bSang e Meel Pub; _c2013. |
||
| 300 | _a391 p. | ||
| 650 |
_aUrdu literature _vDrama _9676 |
||
| 942 |
_2ddc _cBK _aSADA _k891.4393 BAN 2013 |
||
| 999 |
_c608160 _d608160 |
||